<?xml version="1.0" encoding="UTF-8"?>
<record
    xmlns:xsi="http://www.w3.org/2001/XMLSchema-instance"
    xsi:schemaLocation="http://www.loc.gov/MARC21/slim http://www.loc.gov/standards/marcxml/schema/MARC21slim.xsd"
    xmlns="http://www.loc.gov/MARC21/slim">

  <leader>02973cam a2200313 i 4500</leader>
  <controlfield tag="003">DO-SdBNP</controlfield>
  <controlfield tag="005">20231019142437.0</controlfield>
  <controlfield tag="007">ta</controlfield>
  <controlfield tag="008">751003s2016    sp            000 0 spa d</controlfield>
  <datafield tag="020" ind1=" " ind2=" ">
    <subfield code="a">9788484282198</subfield>
  </datafield>
  <datafield tag="040" ind1=" " ind2=" ">
    <subfield code="a">DO-SdBNP</subfield>
    <subfield code="b">spa</subfield>
    <subfield code="c">BNPHU</subfield>
    <subfield code="e">rda</subfield>
  </datafield>
  <datafield tag="082" ind1=" " ind2="4">
    <subfield code="a">891.73</subfield>
    <subfield code="b">C515</subfield>
    <subfield code="2">22</subfield>
  </datafield>
  <datafield tag="100" ind1=" " ind2=" ">
    <subfield code="a">Ch&#xE9;jov, Ant&#xF3;n P.</subfield>
    <subfield code="d">1860-1904</subfield>
    <subfield code="9">49091</subfield>
  </datafield>
  <datafield tag="245" ind1="1" ind2="0">
    <subfield code="a">Cuentos /</subfield>
    <subfield code="c">Ant&#xF3;n Ch&#xE9;jov ; selecci&#xF3;n y traducci&#xF3;n V&#xED;ctor Gallego Ballestero</subfield>
  </datafield>
  <datafield tag="250" ind1=" " ind2=" ">
    <subfield code="a">8va. edici&#xF3;n </subfield>
  </datafield>
  <datafield tag="264" ind1=" " ind2="1">
    <subfield code="a">Madrid, Espa&#xF1;a :</subfield>
    <subfield code="b">Alba editorial, </subfield>
    <subfield code="c">2016.</subfield>
  </datafield>
  <datafield tag="300" ind1=" " ind2=" ">
    <subfield code="a">766 p&#xE1;ginas</subfield>
    <subfield code="c">23 cm.</subfield>
  </datafield>
  <datafield tag="336" ind1=" " ind2=" ">
    <subfield code="2">rdacontent</subfield>
    <subfield code="a">texto</subfield>
    <subfield code="b">txt</subfield>
  </datafield>
  <datafield tag="337" ind1=" " ind2=" ">
    <subfield code="2">rdamedia</subfield>
    <subfield code="a">sin mediaci&#xF3;n </subfield>
    <subfield code="b">n</subfield>
  </datafield>
  <datafield tag="338" ind1=" " ind2=" ">
    <subfield code="2">rdacarrier</subfield>
    <subfield code="a">volumen</subfield>
    <subfield code="b">nc</subfield>
  </datafield>
  <datafield tag="490" ind1="0" ind2=" ">
    <subfield code="a">Alba Maior ;</subfield>
    <subfield code="a">Cl&#xE1;sicos Maior</subfield>
    <subfield code="v">21</subfield>
  </datafield>
  <datafield tag="500" ind1=" " ind2=" ">
    <subfield code="a">Incluye datos biogr&#xE1;ficos del autor en la solapa de la cubierta </subfield>
  </datafield>
  <datafield tag="505" ind1="0" ind2=" ">
    <subfield code="t">Unas palabras sobre la presente selecci&#xF3;n --</subfield>
    <subfield code="t">En la barber&#xED;a (1883) --</subfield>
    <subfield code="t">La muerte de un funcionario (1883) --</subfield>
    <subfield code="t">La hija de Albi&#xF3;n (1883) --</subfield>
    <subfield code="t">La cerilla sueca (1884) --</subfield>
    <subfield code="t">Cirug&#xED;a (1884) --</subfield>
    <subfield code="t">El camale&#xF3;n (1883) --</subfield>
    <subfield code="t">De mal en peor (1884) --</subfield>
    <subfield code="t">Las ostras (1884) --</subfield>
    <subfield code="t">De mal humor (1884) --</subfield>
    <subfield code="t">Los nervios (1885) --</subfield>
    <subfield code="t">Los simuladores (1885) --</subfield>
    <subfield code="t">Apellido de caballo (1885) --</subfield>
    <subfield code="t">El cazador (1885) --</subfield>
    <subfield code="t">El malhechor (1885) --</subfield>
    <subfield code="t">&#xA1;Qu&#xE9; p&#xFA;blico! (1885) --</subfield>
    <subfield code="t">Tristeza (1886) --</subfield>
    <subfield code="t">Aniuta (1886) --</subfield>
    <subfield code="t">Iv&#xE1;n Matveich (1886) --</subfield>
    <subfield code="t">La bruja (1886) --</subfield>
    <subfield code="t">Agafia (1886) --</subfield>
    <subfield code="t">Pesadilla (1886) --</subfield>
    <subfield code="t">La noche de Pascua (1886) --</subfield>
    <subfield code="t">La corista (1886) --</subfield>
    <subfield code="t">Por casualidad (1886) --</subfield>
    <subfield code="t">Peque&#xF1;eces de la vida (1886) --</subfield>
    <subfield code="t">Vanka (1886) --</subfield>
    <subfield code="t">La helada (1887) --</subfield>
    <subfield code="t">Enemigos (1887) --</subfield>
    <subfield code="t">V&#xE9;rochka (1887) --</subfield>
    <subfield code="t">Tifus (1887) --</subfield>
    <subfield code="t">El juez de instrucci&#xF3;n (1887) --</subfield>
    <subfield code="t">Volodia (1887) --</subfield>
    <subfield code="t">Un trotamundos (Bosquejo de un viaje) (1887) --</subfield>
    <subfield code="t">El caramillo (1887) --</subfield>
    <subfield code="t">El beso (1887) --</subfield>
    <subfield code="t">Relato de la se&#xF1;orita N. N.  (1887) --</subfield>
    <subfield code="t">Ganas de dormir (1888) --</subfield>
    <subfield code="t">Luces (1888) --</subfield>
    <subfield code="t">El zapatero y el diablo (1888) --</subfield>
    <subfield code="t">La apuesta (1889) --</subfield>
    <subfield code="t">La apuesta (1889) --</subfield>
    <subfield code="t">La procesa (1889) --</subfield>
    <subfield code="t">G&#xFA;siev (1890) --</subfield>
    <subfield code="t">Campesinas (1891) --</subfield>
    <subfield code="t">La cigarra (1892) --</subfield>
    <subfield code="t">En deportaci&#xF3;n (1892) --</subfield>
    <subfield code="t">Vecinos (1892) --</subfield>
    <subfield code="t">Terror (relato de un amigo) (1892) --</subfield>
    <subfield code="t">Terror (relato de un amigo) (1892) --</subfield>
    <subfield code="t">El monje negro (1894) --</subfield>
    <subfield code="t">El viol&#xED;n de Rothschild (1894) --</subfield>
    <subfield code="t">El estudiante (1894) --</subfield>
    <subfield code="t">Ariadna (1895) --</subfield>
    <subfield code="t">Casa con desv&#xE1;n (relato de un pintor) (1896) --</subfield>
    <subfield code="t">En el carro (1897) --</subfield>
    <subfield code="t">El hombre enfundado (1898) --</subfield>
    <subfield code="t">Las grosellas (1898) --</subfield>
    <subfield code="t">Del amor (1898) --</subfield>
    <subfield code="t">Una visita m&#xE9;dica (1898) --</subfield>
    <subfield code="t">La nueva dacha (1899) --</subfield>
    <subfield code="t">La dama del perrito (1899) --</subfield>
    <subfield code="t">En fiestas (1900) --</subfield>
    <subfield code="t">El obispo (1902) --</subfield>
  </datafield>
  <datafield tag="520" ind1=" " ind2=" ">
    <subfield code="a">Este volumen re&#xFA;ne sesenta cuentos de Ch&#xE9;jov cuidadosamente seleccionados y traducidos por V&#xED;ctor Gallego con la intenci&#xF3;n de que el lector espa&#xF1;ol disponga de una antolog&#xED;a extensa y representativa de la narrativa breve del gran escritor ruso. </subfield>
  </datafield>
  <datafield tag="590" ind1=" " ind2=" ">
    <subfield code="a">Inventariado, 2023/ YL</subfield>
  </datafield>
  <datafield tag="700" ind1="1" ind2=" ">
    <subfield code="a">Gallego Ballestero, V&#xED;ctor</subfield>
    <subfield code="e">selecci&#xF3;n y traducci&#xF3;n </subfield>
    <subfield code="9">84436</subfield>
  </datafield>
  <datafield tag="910" ind1=" " ind2=" ">
    <subfield code="a">Ylockward. Validado. Control de calidad MFF</subfield>
  </datafield>
  <datafield tag="942" ind1=" " ind2=" ">
    <subfield code="2">ddc</subfield>
    <subfield code="c">LBS1</subfield>
  </datafield>
  <datafield tag="952" ind1=" " ind2=" ">
    <subfield code="0">0</subfield>
    <subfield code="1">0</subfield>
    <subfield code="2">ddc</subfield>
    <subfield code="5">6</subfield>
    <subfield code="7">0</subfield>
    <subfield code="8">GR</subfield>
    <subfield code="a">BNPHU</subfield>
    <subfield code="b">BNPHU</subfield>
    <subfield code="c">HD</subfield>
    <subfield code="d">2019-02-02</subfield>
    <subfield code="e">Librer&#xED;a Cuesta</subfield>
    <subfield code="l">0</subfield>
    <subfield code="o">BNPHU GR 891.73 C515</subfield>
    <subfield code="p">2023-6894</subfield>
    <subfield code="r">2023-10-12</subfield>
    <subfield code="w">2023-10-12</subfield>
    <subfield code="y">LBS1</subfield>
  </datafield>
  <datafield tag="952" ind1=" " ind2=" ">
    <subfield code="0">0</subfield>
    <subfield code="1">0</subfield>
    <subfield code="2">ddc</subfield>
    <subfield code="5">6</subfield>
    <subfield code="7">0</subfield>
    <subfield code="8">GR</subfield>
    <subfield code="a">BNPHU</subfield>
    <subfield code="b">BNPHU</subfield>
    <subfield code="c">HD</subfield>
    <subfield code="d">2019-02-02</subfield>
    <subfield code="e">Librer&#xED;a Cuesta</subfield>
    <subfield code="l">0</subfield>
    <subfield code="o">BNPHU GR 891.73 C515</subfield>
    <subfield code="p">2023-6895</subfield>
    <subfield code="r">2023-10-12</subfield>
    <subfield code="t">e. 2</subfield>
    <subfield code="w">2023-10-12</subfield>
    <subfield code="y">LBS1</subfield>
  </datafield>
  <datafield tag="952" ind1=" " ind2=" ">
    <subfield code="0">0</subfield>
    <subfield code="1">0</subfield>
    <subfield code="2">ddc</subfield>
    <subfield code="5">6</subfield>
    <subfield code="7">0</subfield>
    <subfield code="8">GR</subfield>
    <subfield code="a">BNPHU</subfield>
    <subfield code="b">BNPHU</subfield>
    <subfield code="c">HD</subfield>
    <subfield code="d">2019-02-02</subfield>
    <subfield code="e">Librer&#xED;a Cuesta</subfield>
    <subfield code="l">0</subfield>
    <subfield code="o">BNPHU GR 891.73 C515</subfield>
    <subfield code="p">2023-6896</subfield>
    <subfield code="r">2023-10-12</subfield>
    <subfield code="t">e. 3</subfield>
    <subfield code="w">2023-10-12</subfield>
    <subfield code="y">LBS1</subfield>
  </datafield>
  <datafield tag="999" ind1=" " ind2=" ">
    <subfield code="c">55161</subfield>
    <subfield code="d">55161</subfield>
  </datafield>
</record>
